Effective English Writing (Record no. 1071)

MARC details
000 -LEADER
fixed length control field 00290nam a22001097a 4500
008 - FIXED-LENGTH DATA ELEMENTS--GENERAL INFORMATION
fixed length control field 160629b xxu||||| |||| 00| 0 eng d
100 ## - MAIN ENTRY--PERSONAL NAME
9 (RLIN) 1308
Personal name Murti, R.K
245 ## - TITLE STATEMENT
Title Effective English Writing
260 ## - PUBLICATION, DISTRIBUTION, ETC. (IMPRINT)
Place of publication, distribution, etc. NEW DELHI
Name of publisher, distributor, etc. STERLING
Date of publication, distribution, etc. 1999
300 ## - PHYSICAL DESCRIPTION
Extent Effective English Writing
942 ## - ADDED ENTRY ELEMENTS (KOHA)
Source of classification or shelving scheme Dewey Decimal Classification
Koha item type BOOK
Holdings
Withdrawn status Lost status Source of classification or shelving scheme Damaged status Not for loan Home library Current library Shelving location Date acquired Total Checkouts Full call number Barcode Date last seen Price effective from Koha item type
    Dewey Decimal Classification     Good Samaritan School Library Good Samaritan School Library English 06/29/2016   MUR420 B-5 MUR1900 06/29/2016 06/29/2016 BOOK

Powered by Koha